La noche del fin del mundo /

Na minha lista:
Detalhes bibliográficos
Autor principal: Vázquez Parada, Lourdes Celina (autor)
Formato: Livro
Idioma:espanhol
Publicado em: Guadalajara, México : Universidad de Guadalajara, 2019, c2019
Assuntos:
Tags: Adicionar Tag
Sem tags, seja o primeiro a adicionar uma tag!

MARC

LEADER 00000nam^a2200000^a^4500
001 000446703
005 20250521000000.0
008 220901
009 20260310123613.979
020 |a 978-607-547-666-7 
037 |a Acervo ITESO - Biblioteca 
041 |a ESP 
082 |a 863.  |b VAZ 
100 |a Vázquez Parada, Lourdes Celina  |e (autor) 
245 1 3 |a La noche del fin del mundo /  |c L.C. Vázquez Parada. 
264 4 |a Guadalajara, México :  |b Universidad de Guadalajara,  |c 2019, c2019 
300 |a 128 p. 
336 |a texto  |b txt  |2 rdacontenido 
337 |a sin mediación  |b n  |2 rdamedio 
338 |a volumen  |b nc  |2 rdasoporte 
649 |a XX 
650 |a Monjas en la Literatura 
650 |a Religiosos en la Literatura 
650 |a Capuchinos 
650 |a Franciscanos 
650 |a Conventos y Monasterios -  |z Guadalupe, Zacatecas 
650 |a Conventos y Monasterios -  |z Lagos de Moreno, Jalisco 
650 |a Conventos y Monasterios -  |z Zapopan, Jalisco 
650 |a Novela Histórica 
650 |a Novela Mexicana 
650 |a Literatura Mexicana -  |y Siglo XXI 
650 |a Literatura e Historia -  |z México 
650 |a Literatura de Mujeres -  |z México 
650 |a Gutiérrez Romualdo,  |c Fraile 
650 |a Zapata, María Petra de la Santísima Trinidad,  |c Sor 
910 |a Fondo General 
920 |a Impresos - Libros 
930 |a Colección General 
940 |a Literatura 
905 |a 101 
901 |a 0500372815  |b IT1  |c LIT  |i C169341  |u 20250521 
902 |a https://opac.biblio.iteso.mx/vufind/Record/000446703